Associez la montre à la marque - Statistiques

Statistiques générales
  • Ce quiz a été pris 156 fois
  • Le résultat moyen est 7 sur 20
Statistiques - réponses
Par images Réponse % Correct
Rolex
98%
Casio
89%
Richard Mille
74%
Tissot
71%
Patek Philippe
69%
Audemars Piguet
62%
Breitling
47%
Hamilton
42%
Hublot
39%
Citizen
38%
Seiko
24%
MB&F
16%
Longines
15%
Orient
12%
Van Cleef & Arpels
8%
Yema
8%
HYT
6%
Jacquet Droz
6%
Parmigiani Fleurier
6%
Louis Moinet
4%
Aucun quiz correspondant
Distribution des résultats
% des personnes avec chaque résultat
Percentile par nombre de réponses
Votre historique - résultats
Vous n’avez pas pris ce quiz